Socialismo y ciencia positiva : (Record no. 63555)

MARC details
000 -LEADER
campo de control de longitud fija 01203nam a2200265 i 4500
001 - NÚMERO DE CONTROL
campo de control 63555
003 - IDENTIFICADOR DE NÚMERO DE CONTROL
campo de control ES-MaACL
005 - FECHA Y HORA DE LA ÚLTIMA TRANSACCIÓN
campo de control 20250912063040.0
007 - CAMPO FIJO DE DESCRIPCIÓN FÍSICA--INFORMACIÓN GENERAL
campo de control de longitud fija t|
008 - DATOS DE LONGITUD FIJA--INFORMACIÓN GENERAL
campo de control de longitud fija 031211s1905 sp ||||1| spa d
100 1# - ENTRADA PRINCIPAL--NOMBRE DE PERSONA
Nombre de persona Ferri, Enrico,
Fechas asociadas al nombre 1856-1929
9 (RLIN) 50564
245 10 - MENCIÓN DEL TÍTULO
Título Socialismo y ciencia positiva :
Resto del título (Darwin-Spencer-Marx) /
Mención de responsabilidad, etc. Enrique Ferri ; traducción directa del italiano por José Verdes Montenegro y Montoro.
250 ## - MENCION DE EDICION
Mención de edición 2ª ed. escrupulosamente rev., única completa en lengua española.
260 ## - PUBLICACIÓN, DISTRIBUCIÓN, ETC.
Lugar de publicación, distribución, etc. Alicante :
Nombre del editor, distribuidor, etc. [s.n.],
Fecha de publicación, distribución, etc. 1905 (
Fabricante Imp. de Such, Serra y Compañía)
300 ## - DESCRIPCIÓN FÍSICA
Extensión 186 p. ;
Dimensiones 19 cm.
504 ## - NOTA DE BIBLIOGRAFÍA, ETC.
Nota de bibliografía, etc. Referencias bibliográficas.
505 8# - NOTA DE CONTENIDO CON FORMATO
Nota de contenido con formato Contiene: Primera parte: El darvinismo y el socialismo ; Segunda parte: La evolución y el socialismo ; Tercera parte: La sociología y el socialismo
530 ## - NOTA DISPONIBLE DE FORMULARIO FÍSICO ADICIONAL
Nota de formato físico adicional disponible Disponible en formato digital.
650 #4 - PUNTO DE ACCESO ADICIONAL DE MATERIA--TÉRMINO DE MATERIA
Término de materia o nombre geográfico como elemento de entrada Marxismo.
9 (RLIN) 14803
700 1# - ENTRADA AGREGADA--NOMBRE PERSONAL
Nombre de persona Verdes Montenegro y Montoro, José,
Fechas asociadas al nombre 1865-1939
9 (RLIN) 114027
852 4# - LOCALIZACIÓN
Ubicación ES-MaACL
Número de control de estantería F-10322
Ubicación en estantería Sala Pecera Planta 2
Nota libre Revisado enlace: 21 de julio de 2025
856 4# - LOCALIZACIÓN Y ACCESO ELECTRÓNICOS
Identificador Uniforme de Recursos <a href="http://bdh-rd.bne.es/viewer.vm?id=0000252891&page=1 ">http://bdh-rd.bne.es/viewer.vm?id=0000252891&page=1 </a>
Texto de enlace Biblioteca Digital Hispánica
942 ## - ELEMENTOS DE ENTRADA SECUNDARIOS (KOHA)
Fuente del sistema de clasificación o colocación Clasificación decimal universal
Holdings
Estatus retirado Estado de pérdida Estado de daño No para préstamo Colección Biblioteca de origen Biblioteca actual Ubicación en estantería Fecha de adquisición Fuente de adquisición Total de préstamos Signatura topográfica completa Código de barras Visto por última vez Precio de reemplazo Tipo de ítem Koha
        Colección digital Biblioteca del Ateneo de Madrid Biblioteca del Ateneo de Madrid Sala Pecera Planta 2 17/01/2008     F-10322 1066615 23/02/2023 23/02/2023 Libro impreso